Segélykölcsönök földbirtokokra

Esej [z pera humenského advokáta a šéfredaktora] o poskytovaní štátnych pôžičiek na podporu rozvoja uhorského pozemkového vlastníctva (statkov a veľkostatkov). Pôžičky majú podporiť prerod uhorského gazdovstva.

Podrobná bibliografia
Hlavný autor: Barna, Ondrej (Author)
Médium: Článok
Jazyk:Hungarian
Témy:
Zdroj: 1. Felvidéki Hirlap 1. Roč. 12, č. 13 (05.05.1918) s. 2
LEADER 01074nab#a2200337#ar4500
001 000074789
003 SVKKK
005 20050419xxxxxxx.
008 06 c xo huno
FMT
038 |a SVKKK 
040 |a SVKKK  |b slo  |e AACR2 
041 0 |a hun 
044 |a xo  |c SK 
080 |a 332.21 
080 |a 336.27 
100 1 |a Barna, Ondrej  |4 aut 
242 1 0 |a Pomocné pôžičky na statky 
245 1 0 |a Segélykölcsönök földbirtokokra  |c Ondrej Barna 
500 |a mikrofilm 
520 2 |a Esej [z pera humenského advokáta a šéfredaktora] o poskytovaní štátnych pôžičiek na podporu rozvoja uhorského pozemkového vlastníctva (statkov a veľkostatkov). Pôžičky majú podporiť prerod uhorského gazdovstva. 
650 0 4 |a vlastníctvo pozemkové - pôžičky štátne - Uhorsko - výhľady - rok 1918 - eseje 
773 0 |t Felvidéki Hirlap  |g Roč. 12, č. 13 (05.05.1918) s. 2 
957 |a Humenné 
957 |a Uhorsko 
958 |a DG 
958 |a SK 
974 |a Ba  |d 20050419 
992 |a RBX 
BAS
998 |a RETRO